| 000 | 01162cad a22002055a 4500 | ||
|---|---|---|---|
| 001 | L157210 | ||
| 008 | 120925e20120925xxk 000 0 eng d | ||
| 035 | _a(Sirsi) u157210 | ||
| 041 | 0 | _aeng | |
| 100 | 1 | _aDonnell, Richard | |
| 245 | 0 | 0 | _aWhen will the census tell us about the housing market?[electronic resource] |
| 260 | _c2012 | ||
| 490 |
_aHometrack Commentary and Analysis Insight Paper _V17 September 2012 |
||
| 520 | _aPredicts what the results of the 2011 Census due to be published in Autumn 2012 will reveal in terms of households and population trends. It is expected to show a large growth in the number of households who own their homes outright, the rapid growth in the private rented sector and statistical data on number of bedrooms per household. The shortage of new build affordable and social housing is also expected to be highlighted. | ||
| 590 | _aKA NTK | ||
| 651 | 4 |
_aUnited Kingdom _y |
|
| 690 |
_aResidential property _96266 |
||
| 856 | 4 | 0 |
_uhttps://www.hometrack.co.uk/our-insight/commentary-and-analysis/what-will-the-census-tell-us-about-the-housing-market _zView this item free of charge at www.hometrack.co.uk/ |
| 942 | _n0 | ||
| 999 |
_c84300 _d84300 |
||